Statistics for UEFA Euro 2000 Final France - Italy

Click here to take the quiz!

General Stats

  • This quiz has been taken 204 times
  • The average score is 17 of 30

Answer Stats

Player% Correct
Zinedine Zidane
97%
David Trezeguet ¹
93%
Thierry Henry
92%
Paolo Maldini
91%
Fabien Barthez
89%
Lilian Thuram
82%
Marcel Desailly
81%
Didier Deschamps
79%
Francesco Totti
79%
Laurent Blanc
79%
Alessandro Nesta
78%
Alessandro Del Piero
77%
Fabio Cannavaro
72%
Bixente Lizarazu
70%
Patrick Vieira
68%
Francesco Toldo
62%
Sylvain Wiltord ¹
62%
Youri Djorkaeff
55%
Robert Pires
52%
Christophe Dugarry
49%
Marco Delvecchio ¹
37%
Dino Zoff
26%
Demetrio Albertini
25%
Luigi Di Biagio
22%
Roger Lemerre
22%
Vincenzo Montella
19%
Gianluca Pessotto
18%
Mark Iuliano
17%
Massimo Ambrosini
14%
Stefano Fiore
13%

Score Distribution

Percentile by Number Answered

Percent of People with Each Score

Your Score History

You have not taken this quiz